Estatísticas para Clique no Elemento Químico

Clique aqui para jogar o quiz

Estatísticas Gerais

  • Esse quiz foi jogado 15 393 vezes
  • A pontuação média é 17 de 24

Estatísticas das Respostas

HintResposta% Correto
FeFerro
89%
TiTitânio
87%
IrIrídio
85%
CuCobre
84%
IIodo
84%
SiSilício
84%
CCarbono
83%
NNitrogênio
83%
ArArgônio
81%
NeNeônio
79%
CaCálcio
77%
KPotássio
73%
AuOuro
71%
NiNíquel
68%
SEnxofre
66%
CrCrômio
64%
NaSódio
64%
KrCriptônio
62%
PFósforo
61%
WTungstênio
61%
PtPlatina
56%
PbChumbo
53%
SnEstanho
44%
AgPrata
39%

Distribuição das Pontuações

Percentil de Números Respondidos

Porcentagem de Pessoas com Cada Pontuação

Sua Pontuação Histórica

Você não jogou esse quiz